00536nam a2200145Ia 4500008004100000020001800041050001900059082002200078100002700100245009900127260002900226300002000255650007100275700004400346120905s9999 xx 000 0 und d a968-24-0722-2 aNA275 L63 1979 a720.284 L63e 1979 aLockard, William Kirby a Experiencias en dibujo de proyectos / William Kirby Lockard ; tr. Federico Patán López  aMéxico : Trillas, 1979 a114 p. / 27 cm. a1. Arquitectura--Diseños y planos 2. Dibujo arquitectónico  aI. Patán López, Federico, tr. Ì